00297nam a2200109Ia 4500008004100000020001800041040002900059050002800088100001600116245002600132260002900158230104s9999||||xx |||||||||||||| ||und|| a9780826469533 cChuka University Library aBSL HF 5657.4bL83 2003 aLucey,Terry 0aManagement accounting aBook powerbLondonc2003